[Event "19. Obert Int. Sant Marti 2017"]
[Site "Barcelona ESP"]
[Date "2017.07.13"]
[Round "1.22"]
[White "Gonzalez Saguillo, Oriol"]
[Black "Eggleston, David J"]
[Result "1-0"]
[WhiteElo "2077"]
[BlackElo "2394"]
[PlyCount "83"]
[EventDate "2017.07.13"]
[EventType "swiss"]
[EventRounds "9"]
[EventCountry "ESP"]
[SourceTitle "Ajedrez en Madrid"]
[Source "lmi"]
[SourceDate "2017.07.13"]
[SourceVersion "1"]
[SourceVersionDate "2019.06.21"]
[SourceQuality "1"]

1. Nf3 Nf6 2. c4 e6 3. Nc3 Bb4 4. Qc2 O-O 5. a3 Bxc3 6. Qxc3 d6 7. d3 e5 8. g3
c5 9. Bg2 Nc6 10. O-O Bg4 11. Re1 Qd7 12. b4 Rfe8 13. Bb2 Bh3 14. Bh1 h6 15. e3
Rab8 16. b5 Nd8 17. d4 e4 18. Nd2 Qf5 19. d5 Qg6 20. Qa5 Ra8 21. b6 a6 22. Bxf6
gxf6 23. Qa4 Re7 24. Qc2 f5 25. f3 exf3 26. Nxf3 Re4 27. Kf2 Re8 28. Nh4 Qg5
29. Bg2 Bxg2 30. Kxg2 Re4 31. Kh1 f6 32. Rf1 Nf7 33. Nxf5 Rae8 34. Rf4 Kh7 35.
Raf1 Rxf4 36. gxf4 Qg6 37. Rg1 Ng5 38. fxg5 fxg5 39. Qb1 Kh8 40. Rf1 Re5 41.
Nxd6 Qxd6 42. Rf7 1-0

[Event "19. Obert Int. Sant Marti 2017"]
[Site "Barcelona ESP"]
[Date "2017.07.13"]
[Round "1.23"]
[White "Iniyan, P."]
[Black "Fuentes Godoy, Lilia Ivonne"]
[Result "1-0"]
[WhiteElo "2380"]
[BlackElo "2069"]
[PlyCount "63"]
[EventDate "2017.07.13"]
[EventType "swiss"]
[EventRounds "9"]
[EventCountry "ESP"]
[SourceTitle "Ajedrez en Madrid"]
[Source "lmi"]
[SourceDate "2017.07.13"]
[SourceVersion "1"]
[SourceVersionDate "2019.06.21"]
[SourceQuality "1"]

1. d4 d5 2. c4 e6 3. Nc3 c6 4. Nf3 dxc4 5. a4 Bb4 6. g3 Nd7 7. Bg2 Ngf6 8. O-O
O-O 9. Qc2 a5 10. e4 e5 11. dxe5 Ng4 12. Bf4 Qe8 13. e6 fxe6 14. Na2 e5 15. Bd2
Bxd2 16. Qxc4+ Qf7 17. Nxd2 Nb6 18. Qxf7+ Rxf7 19. Nc1 Re7 20. Ncb3 Be6 21. Nc5
Bf7 22. Rfd1 Bh5 23. Bf3 Nc8 24. Nc4 b6 25. Nd7 Ra7 26. Ndxe5 Nxe5 27. Bxh5 Nd7
28. e5 Nf8 29. f4 Rac7 30. Rd8 Red7 31. Rd1 Rxd8 32. Rxd8 1-0

[Event "19. Obert Int. Sant Marti 2017"]
[Site "Barcelona ESP"]
[Date "2017.07.13"]
[Round "1.24"]
[White "David, Bogdan-Emanuel"]
[Black "Vassallo Barroche, Mauricio"]
[Result "1/2-1/2"]
[WhiteElo "2062"]
[BlackElo "2376"]
[PlyCount "100"]
[EventDate "2017.07.13"]
[EventType "swiss"]
[EventRounds "9"]
[EventCountry "ESP"]
[SourceTitle "Ajedrez en Madrid"]
[Source "lmi"]
[SourceDate "2017.07.13"]
[SourceVersion "1"]
[SourceVersionDate "2019.06.21"]
[SourceQuality "1"]

1. e4 d6 2. d4 Nf6 3. Nc3 e5 4. d5 Be7 5. f3 Nh5 6. Be3 Bg5 7. Qd2 h6 8. O-O-O
Bxe3 9. Qxe3 Qg5 10. Qd2 g6 11. g3 Qxd2+ 12. Rxd2 f5 13. Bd3 O-O 14. Nge2 Kg7
15. Rg1 fxe4 16. Bxe4 Nf6 17. f4 Nxe4 18. Nxe4 Re8 19. fxe5 Rxe5 20. N4c3 Na6
21. Nf4 Bd7 22. Rf1 Rae8 23. Rdf2 R8e7 24. Nd3 Rf5 25. Kd2 Rxf2+ 26. Rxf2 Bf5
27. a3 Bxd3 28. Kxd3 Nc5+ 29. Kd4 Nd7 30. Ne4 Ne5 31. h3 Nd7 32. c4 Rf7 33.
Rxf7+ Kxf7 34. b4 Ke7 35. c5 Ne5 36. a4 Nf3+ 37. Ke3 Ne5 38. Kd4 Nf3+ 39. Ke3
Ne5 40. Kd4 a6 41. b5 axb5 42. axb5 Nf3+ 43. Ke3 Ne5 44. c6 b6 45. Kd4 Nf3+ 46.
Ke3 Ne1 47. Kd2 Nf3+ 48. Ke3 Ne5 49. Kd4 Nf7 50. Ke3 Ne5 1/2-1/2

[Event "19. Obert Int. Sant Marti 2017"]
[Site "Barcelona ESP"]
[Date "2017.07.13"]
[Round "1.25"]
[White "Quirhuayo Chumbe, German Gonzalo"]
[Black "Guix Torres, David"]
[Result "1-0"]
[WhiteElo "2376"]
[BlackElo "2055"]
[PlyCount "57"]
[EventDate "2017.07.13"]
[EventType "swiss"]
[EventRounds "9"]
[EventCountry "ESP"]
[SourceTitle "Ajedrez en Madrid"]
[Source "lmi"]
[SourceDate "2017.07.13"]
[SourceVersion "1"]
[SourceVersionDate "2019.06.21"]
[SourceQuality "1"]

1. e4 c5 2. Nf3 d6 3. d4 cxd4 4. Nxd4 Nf6 5. Nc3 g6 6. Be3 Bg7 7. f3 O-O 8. Bc4
Nc6 9. Qd2 Bd7 10. g4 Rc8 11. Be2 Nxd4 12. Bxd4 Be6 13. h4 Qa5 14. h5 Qb4 15.
O-O-O Qa5 16. hxg6 hxg6 17. a3 a6 18. Kb1 Rfe8 19. g5 Nd7 20. Bxg7 Kxg7 21. f4
Rh8 22. Qd4+ f6 23. gxf6+ Nxf6 24. Rhg1 Qc5 25. Qd2 Kf7 26. Bd3 Rcg8 27. Rg5
Qc7 28. e5 dxe5 29. fxe5 1-0

[Event "19. Obert Int. Sant Marti 2017"]
[Site "Barcelona ESP"]
[Date "2017.07.13"]
[Round "1.26"]
[White "Garcia Espelta, Josep"]
[Black "Grafl, Florian"]
[Result "0-1"]
[WhiteElo "2052"]
[BlackElo "2374"]
[PlyCount "46"]
[EventDate "2017.07.13"]
[EventType "swiss"]
[EventRounds "9"]
[EventCountry "ESP"]
[SourceTitle "Ajedrez en Madrid"]
[Source "lmi"]
[SourceDate "2017.07.13"]
[SourceVersion "1"]
[SourceVersionDate "2019.06.21"]
[SourceQuality "1"]

1. e4 a6 2. d4 b5 3. Bd3 Bb7 4. Nf3 Nf6 5. Qe2 e6 6. a4 c5 7. axb5 axb5 8. Rxa8
Bxa8 9. dxc5 b4 10. e5 Nd5 11. Nbd2 Nf4 12. Qf1 f5 13. Nc4 Bxf3 14. Bxf4 Bd5
15. Nd6+ Bxd6 16. cxd6 Qh4 17. Bc1 Nc6 18. g3 Qd4 19. Rg1 Nxe5 20. Qh3 O-O 21.
g4 Nf3+ 22. Kf1 Qe5 23. Be3 Qxb2 0-1

[Event "19. Obert Int. Sant Marti 2017"]
[Site "Barcelona ESP"]
[Date "2017.07.13"]
[Round "1.27"]
[White "Karim, Ismael"]
[Black "Sapale, Saloni"]
[Result "1-0"]
[WhiteElo "2361"]
[BlackElo "2049"]
[PlyCount "77"]
[EventDate "2017.07.13"]
[EventType "swiss"]
[EventRounds "9"]
[EventCountry "ESP"]
[SourceTitle "Ajedrez en Madrid"]
[Source "lmi"]
[SourceDate "2017.07.13"]
[SourceVersion "1"]
[SourceVersionDate "2019.06.21"]
[SourceQuality "1"]

1. e4 c5 2. b3 d6 3. Bb2 Nc6 4. Bb5 e5 5. Bxc6+ bxc6 6. Ne2 Nf6 7. d3 Be7 8. h3
Qc7 9. f4 exf4 10. Nxf4 Be6 11. O-O O-O 12. Nd2 Rab8 13. Qe2 Bc8 14. Nc4 Nd7
15. Qh5 g6 16. Qh6 Ne5 17. Rae1 f6 18. Qh4 Rf7 19. Qg3 Kh8 20. Re2 Bd7 21. Ref2
Rg8 22. Kh1 Bc8 23. Ne2 Rff8 24. Ng1 Be6 25. Ne3 Rg7 26. Nf3 Rff7 27. Ng4 Bxg4
28. Nxe5 fxe5 29. Rxf7 Rxf7 30. Rxf7 Be6 31. Rf1 Kg7 32. Bc3 Qd7 33. a3 Qc7 34.
b4 cxb4 35. axb4 Bf6 36. Qf2 Qe7 37. Ra1 Bd7 38. Rxa7 Bh4 39. Rxd7 1-0

[Event "19. Obert Int. Sant Marti 2017"]
[Site "Barcelona ESP"]
[Date "2017.07.13"]
[Round "1.28"]
[White "Rodriguez Vega, Blas"]
[Black "Morales, Jhon Alexander"]
[Result "0-1"]
[WhiteElo "2048"]
[BlackElo "2355"]
[PlyCount "38"]
[EventDate "2017.07.13"]
[EventType "swiss"]
[EventRounds "9"]
[EventCountry "ESP"]
[SourceTitle "Ajedrez en Madrid"]
[Source "lmi"]
[SourceDate "2017.07.13"]
[SourceVersion "1"]
[SourceVersionDate "2019.06.21"]
[SourceQuality "1"]

1. d4 g6 2. Bf4 Bg7 3. e3 d6 4. Nf3 Nd7 5. Be2 e5 6. Bg5 f6 7. Bh4 Nh6 8. dxe5
dxe5 9. Bc4 Qe7 10. Nc3 c6 11. Qd2 Nf5 12. Bg3 Nd6 13. Bb3 Nc5 14. Rd1 Bf8 15.
Na4 Nde4 16. Qe2 Nxa4 17. Bxa4 Qb4+ 18. c3 Qxa4 19. Qd3 Bf5 0-1

[Event "19. Obert Int. Sant Marti 2017"]
[Site "Barcelona ESP"]
[Date "2017.07.13"]
[Round "1.29"]
[White "Tissir, Mohamed"]
[Black "Avdhoot, Lendhe"]
[Result "1-0"]
[WhiteElo "2354"]
[BlackElo "2034"]
[PlyCount "125"]
[EventDate "2017.07.13"]
[EventType "swiss"]
[EventRounds "9"]
[EventCountry "ESP"]
[SourceTitle "Ajedrez en Madrid"]
[Source "lmi"]
[SourceDate "2017.07.13"]
[SourceVersion "1"]
[SourceVersionDate "2019.06.21"]
[SourceQuality "1"]

1. e4 c6 2. c4 d5 3. exd5 cxd5 4. cxd5 Nf6 5. Nc3 Nxd5 6. Nf3 Nc6 7. Bb5 e6 8.
O-O Be7 9. d4 O-O 10. Bd3 b6 11. Be4 Bb7 12. Nxd5 exd5 13. Bd3 Bf6 14. Be3 Qd6
15. Rc1 Rfc8 16. Qd2 a5 17. Rc3 Ba6 18. Bf4 Qd7 19. Bxa6 Rxa6 20. Be5 Be7 21.
a3 Raa8 22. Rfc1 Nxe5 23. Nxe5 Qe6 24. Rc6 Rxc6 25. Rxc6 Qf5 26. g4 Qb1+ 27.
Rc1 Qa2 28. Qc2 Rf8 29. Nd7 Rd8 30. Nxb6 Bf6 31. Rd1 h6 32. Kg2 g6 33. Rd2 Kg7
34. f4 Qa1 35. Rd1 Qa2 36. Rd2 Qa1 37. Qd1 Qa2 38. Qf3 Rd6 39. Na4 Qc4 40. b3
Qc1 41. Qd1 Qxa3 42. Kg3 Re6 43. Rd3 Qb4 44. Nc3 Qb7 45. Qf3 Rd6 46. Na4 Qb4
47. Qf2 Rc6 48. h4 Rc1 49. g5 hxg5 50. fxg5 Be7 51. Rf3 Bd6+ 52. Kg2 Rc7 53. h5
gxh5 54. Rh3 Be7 55. Nc5 Qb6 56. Qf4 Qd6 57. Qf5 Rc6 58. Rf3 Qg6 59. Qe5+ Kf8
60. Qh8+ Qg8 61. Nd7+ Ke8 62. Qxg8+ Kxd7 63. Qxf7 1-0

[Event "19. Obert Int. Sant Marti 2017"]
[Site "Barcelona ESP"]
[Date "2017.07.13"]
[Round "1.30"]
[White "Aishwin, Daniel"]
[Black "Perpinya Rofes, Lluis Maria"]
[Result "0-1"]
[WhiteElo "2031"]
[BlackElo "2352"]
[PlyCount "80"]
[EventDate "2017.07.13"]
[EventType "swiss"]
[EventRounds "9"]
[EventCountry "ESP"]
[SourceTitle "Ajedrez en Madrid"]
[Source "lmi"]
[SourceDate "2017.07.13"]
[SourceVersion "1"]
[SourceVersionDate "2019.06.21"]
[SourceQuality "1"]

1. e4 c5 2. Nf3 Nc6 3. d4 cxd4 4. Nxd4 e6 5. Nc3 d6 6. Be3 Nf6 7. Bc4 a6 8. Qe2
Qc7 9. Bb3 Na5 10. g4 b5 11. g5 Nd7 12. O-O-O Nc5 13. Kb1 b4 14. Nd5 exd5 15.
exd5 Be7 16. f4 O-O 17. f5 Re8 18. Rhg1 Bf8 19. Rde1 Naxb3 20. axb3 Bb7 21. g6
hxg6 22. fxg6 fxg6 23. Rxg6 Qf7 24. Qg4 Re4 25. Qg1 Rae8 26. Rg3 Qxd5 27. Rf1
Qe5 28. Nf5 Re6 29. Rh3 Rf6 30. Rh5 Rxe3 31. Nh6+ Rxh6 32. Rxe5 Rxe5 33. Qg4
Re4 34. Qg5 Rhe6 35. Ka2 Be7 36. Qh5 Bf6 37. Qf5 R6e5 38. Qf2 Re2 39. Qg3 Ne4
40. Qd3 Ra5+ 0-1

[Event "19. Obert Int. Sant Marti 2017"]
[Site "Barcelona ESP"]
[Date "2017.07.13"]
[Round "1.31"]
[White "Gutierrez Olivares, Daniel"]
[Black "Nadal Fajardo, Ricard"]
[Result "1-0"]
[WhiteElo "2352"]
[BlackElo "2027"]
[PlyCount "111"]
[EventDate "2017.07.13"]
[EventType "swiss"]
[EventRounds "9"]
[EventCountry "ESP"]
[SourceTitle "Ajedrez en Madrid"]
[Source "lmi"]
[SourceDate "2017.07.13"]
[SourceVersion "1"]
[SourceVersionDate "2019.06.21"]
[SourceQuality "1"]

1. e4 c6 2. Nf3 d5 3. Nc3 Bg4 4. h3 Bxf3 5. Qxf3 e6 6. d3 Nd7 7. Be2 Ngf6 8.
Bd2 Bd6 9. g3 Qc7 10. Qg2 d4 11. Nd1 e5 12. O-O O-O-O 13. c3 dxc3 14. bxc3 Nc5
15. Nb2 Be7 16. Be3 h5 17. f4 Ne6 18. Nc4 exf4 19. gxf4 Nc5 20. Bd4 Nfd7 21.
Be3 f6 22. d4 Na4 23. Rac1 Ndb6 24. Nd2 c5 25. Bxh5 f5 26. Bg6 fxe4 27. Bxe4
Kb8 28. Nf3 Nc4 29. Bf2 Bd6 30. Ne5 Nd2 31. Rfe1 Nxe4 32. Rxe4 cxd4 33. Bxd4
Bc5 34. Nd3 Bxd4+ 35. cxd4 Qb6 36. Nc5 Nxc5 37. dxc5 Qc6 38. Re7 Qxg2+ 39. Kxg2
Rd2+ 40. Kg3 Rxa2 41. Rb1 b6 42. Rb3 Kc8 43. cxb6 axb6 44. Rxg7 Ra1 45. Kh2
Ra2+ 46. Rg2 Rxg2+ 47. Kxg2 Kc7 48. Kg3 Rg8+ 49. Kf3 Kc6 50. f5 Kc5 51. Kf4 b5
52. f6 Kc4 53. Rb1 Rh8 54. Kg4 Rg8+ 55. Kf5 Rh8 56. Rh1 1-0

[Event "19. Obert Int. Sant Marti 2017"]
[Site "Barcelona ESP"]
[Date "2017.07.13"]
[Round "1.32"]
[White "Amer, Said Salim Al Maash"]
[Black "Arjun, Kalyan"]
[Result "0-1"]
[WhiteElo "2025"]
[BlackElo "2347"]
[PlyCount "80"]
[EventDate "2017.07.13"]
[EventType "swiss"]
[EventRounds "9"]
[EventCountry "ESP"]
[SourceTitle "Ajedrez en Madrid"]
[Source "lmi"]
[SourceDate "2017.07.13"]
[SourceVersion "1"]
[SourceVersionDate "2019.06.21"]
[SourceQuality "1"]

1. e4 e6 2. d4 d5 3. Nc3 Bb4 4. e5 c5 5. Bd2 cxd4 6. Nb5 Be7 7. Qg4 g6 8. Nf3
Nc6 9. Bd3 f5 10. Qg3 Qb6 11. a4 a6 12. Nd6+ Bxd6 13. exd6 Nf6 14. Qh4 O-O 15.
Bh6 Bd7 16. O-O e5 17. a5 Qc5 18. Rfe1 e4 19. Ng5 exd3 20. Bxf8 Rxf8 21. cxd3
Qxd6 22. Re2 Nh5 23. g3 Qf6 24. Rae1 h6 25. Nf3 Qxh4 26. Nxh4 Kf7 27. Nf3 Ng7
28. b4 Re8 29. Rb2 Rxe1+ 30. Nxe1 Ne6 31. b5 Nxa5 32. bxa6 bxa6 33. Ra2 Nc6 34.
Rxa6 Ne5 35. Ra3 Ke7 36. Nc2 Nc6 37. Kf1 Kd6 38. Ke2 Nc5 39. h4 h5 40. Kd2 Ne6
0-1

[Event "19. Obert Int. Sant Marti 2017"]
[Site "Barcelona ESP"]
[Date "2017.07.13"]
[Round "1.33"]
[White "Rios Parra, Alejandro"]
[Black "Minguell Soler, Joan"]
[Result "1-0"]
[WhiteElo "2342"]
[BlackElo "2021"]
[PlyCount "65"]
[EventDate "2017.07.13"]
[EventType "swiss"]
[EventRounds "9"]
[EventCountry "ESP"]
[SourceTitle "Ajedrez en Madrid"]
[Source "lmi"]
[SourceDate "2017.07.13"]
[SourceVersion "1"]
[SourceVersionDate "2019.06.21"]
[SourceQuality "1"]

1. e4 e6 2. d4 d5 3. Nd2 Nf6 4. e5 Nfd7 5. Bd3 c5 6. c3 Nc6 7. Ne2 cxd4 8. cxd4
f6 9. exf6 Nxf6 10. Nf3 Bd6 11. O-O Qc7 12. Bg5 O-O 13. Rc1 Bd7 14. a3 Rac8 15.
Rc3 a6 16. Bb1 Be8 17. Ng3 Qb6 18. Rb3 Qa7 19. Re1 Bd7 20. Qd3 g6 21. Bh6 Rfe8
22. Qd2 Bf8 23. h3 Nxd4 24. Nxd4 Bxh6 25. Qxh6 Qxd4 26. Rxb7 Rb8 27. Rxb8 Rxb8
28. b4 Rc8 29. Kh2 Rc4 30. Bxg6 hxg6 31. Qxg6+ Kf8 32. Re3 Ke7 33. Nf5+ 1-0

[Event "19. Obert Int. Sant Marti 2017"]
[Site "Barcelona ESP"]
[Date "2017.07.13"]
[Round "1.34"]
[White "Manush, Shah"]
[Black "Escalante Ramirez, Brian Sebas"]
[Result "1/2-1/2"]
[WhiteElo "2016"]
[BlackElo "2340"]
[PlyCount "77"]
[EventDate "2017.07.13"]
[EventType "swiss"]
[EventRounds "9"]
[EventCountry "ESP"]
[SourceTitle "Ajedrez en Madrid"]
[Source "lmi"]
[SourceDate "2017.07.13"]
[SourceVersion "1"]
[SourceVersionDate "2019.06.21"]
[SourceQuality "1"]

1. d4 Nf6 2. Nf3 g6 3. Nc3 d5 4. Bf4 Bg7 5. e3 a6 6. a4 b6 7. Be2 O-O 8. Ne5 c5
9. h4 h5 10. Bf3 Bb7 11. g4 cxd4 12. exd4 hxg4 13. Bxg4 Nxg4 14. Qxg4 Qc8 15.
Qg3 Qf5 16. h5 Bxe5 17. Bxe5 g5 18. O-O-O Nd7 19. f4 f6 20. Bc7 Rac8 21. fxg5
Qxg5+ 22. Qxg5+ fxg5 23. Bh2 Rf5 24. Rde1 Kf7 25. Re2 Nf6 26. Be5 Ng4 27. Rhe1
e6 28. Bd6 Re8 29. Bc7 Bc8 30. Bxb6 Rh8 31. Rh1 Nf2 32. Rh2 Ng4 33. Rh1 Nf6 34.
Reh2 Ng4 35. Re2 Rh6 36. Bd8 Nf2 37. Rh2 Ng4 38. Rh1 Nf2 39. Rh2 1/2-1/2

[Event "19. Obert Int. Sant Marti 2017"]
[Site "Barcelona ESP"]
[Date "2017.07.13"]
[Round "1.35"]
[White "Dhulipalla, Bala Chandra Prasad"]
[Black "Prats Gaudo, Oscar"]
[Result "1-0"]
[WhiteElo "2335"]
[BlackElo "2015"]
[PlyCount "85"]
[EventDate "2017.07.13"]
[EventType "swiss"]
[EventRounds "9"]
[EventCountry "ESP"]
[SourceTitle "Ajedrez en Madrid"]
[Source "lmi"]
[SourceDate "2017.07.13"]
[SourceVersion "1"]
[SourceVersionDate "2019.06.21"]
[SourceQuality "1"]

1. d4 d5 2. Bf4 e6 3. e3 Bd6 4. Bg3 Nf6 5. Nd2 O-O 6. Ngf3 c5 7. c3 Nc6 8. Bb5
a6 9. Bxc6 bxc6 10. O-O Bxg3 11. hxg3 Qb6 12. Qb3 Qxb3 13. axb3 cxd4 14. exd4
Bd7 15. Ne5 Rfb8 16. Ra5 Rb5 17. Rfa1 Rxa5 18. Rxa5 Kf8 19. b4 Ke7 20. f3 Ne8
21. Nb3 Nd6 22. Nxd7 Kxd7 23. Nc5+ Ke7 24. Rxa6 Rxa6 25. Nxa6 Nc4 26. b3 Nd2
27. Nc5 Nb1 28. Na4 Na3 29. Kf2 f6 30. Ke3 Kd6 31. Kd3 Nb5 32. c4 Nc7 33. f4 g6
34. Nc3 e5 35. fxe5+ fxe5 36. dxe5+ Kxe5 37. cxd5 cxd5 38. b5 Kd6 39. b6 Na6
40. Kd4 Nc5 41. b4 Ne6+ 42. Kd3 Kc6 43. Nxd5 1-0

[Event "19. Obert Int. Sant Marti 2017"]
[Site "Barcelona ESP"]
[Date "2017.07.13"]
[Round "1.36"]
[White "Gandhi, Anish"]
[Black "Serarols Mabras, Bernat"]
[Result "1-0"]
[WhiteElo "2012"]
[BlackElo "2308"]
[PlyCount "57"]
[EventDate "2017.07.13"]
[EventType "swiss"]
[EventRounds "9"]
[EventCountry "ESP"]
[SourceTitle "Ajedrez en Madrid"]
[Source "lmi"]
[SourceDate "2017.07.13"]
[SourceVersion "1"]
[SourceVersionDate "2019.06.21"]
[SourceQuality "1"]

1. e4 c5 2. Nf3 Nc6 3. d4 cxd4 4. Nxd4 Qc7 5. Nc3 e6 6. f4 a6 7. Nxc6 Qxc6 8.
Bd3 b5 9. Qe2 Bb7 10. Bd2 Rc8 11. O-O-O b4 12. Nb1 Nf6 13. Rhe1 Be7 14. g4 d5
15. exd5 Nxd5 16. f5 Bh4 17. Rf1 O-O 18. g5 Qa4 19. Qh5 exf5 20. Qxh4 g6 21.
Rf3 Qxa2 22. Rh3 h5 23. gxh6 Kh7 24. Qd4 f6 25. Rg1 Rfd8 26. Bxf5 gxf5 27. Rg7+
Kh8 28. Qg1 Rg8 29. Qg6 1-0

[Event "19. Obert Int. Sant Marti 2017"]
[Site "Barcelona ESP"]
[Date "2017.07.13"]
[Round "1.37"]
[White "Debarshi, Mukherjee"]
[Black "Degraeve, Thomas"]
[Result "1-0"]
[WhiteElo "2301"]
[BlackElo "2008"]
[PlyCount "87"]
[EventDate "2017.07.13"]
[EventType "swiss"]
[EventRounds "9"]
[EventCountry "ESP"]
[SourceTitle "Ajedrez en Madrid"]
[Source "lmi"]
[SourceDate "2017.07.13"]
[SourceVersion "1"]
[SourceVersionDate "2019.06.21"]
[SourceQuality "1"]

1. d4 e6 2. c4 b6 3. e4 Bb7 4. Bd3 Bb4+ 5. Bd2 Bxd2+ 6. Qxd2 f5 7. Nc3 Nf6 8.
f3 fxe4 9. fxe4 d6 10. Nf3 Nbd7 11. O-O O-O 12. d5 e5 13. Ng5 Nc5 14. b4 Nxd3
15. Ne6 Qe7 16. Qxd3 Rfc8 17. Nd1 Re8 18. Ne3 g6 19. Rxf6 Qxf6 20. Nxc7 Rf8 21.
Rf1 Qe7 22. Nxa8 Rxf1+ 23. Nxf1 Bxa8 24. Qh3 Bb7 25. Ne3 Kg7 26. Qg4 Kh8 27. h4
Qf8 28. h5 Bc8 29. Qg5 Qf4 30. Qxf4 exf4 31. Nc2 Kg7 32. hxg6 hxg6 33. Nd4 Kf6
34. Nc6 a5 35. c5 bxc5 36. bxc5 dxc5 37. e5+ Kf7 38. Nxa5 g5 39. Nc4 Ba6 40.
Nd6+ Ke7 41. Ne4 c4 42. d6+ Kd8 43. e6 Bb7 44. e7+ 1-0

[Event "19. Obert Int. Sant Marti 2017"]
[Site "Barcelona ESP"]
[Date "2017.07.13"]
[Round "1.38"]
[White "Moravich, Juan"]
[Black "Akash Pc, Iyer"]
[Result "0-1"]
[WhiteElo "2006"]
[BlackElo "2300"]
[PlyCount "64"]
[EventDate "2017.07.13"]
[EventType "swiss"]
[EventRounds "9"]
[EventCountry "ESP"]
[SourceTitle "Ajedrez en Madrid"]
[Source "lmi"]
[SourceDate "2017.07.13"]
[SourceVersion "1"]
[SourceVersionDate "2019.06.21"]
[SourceQuality "1"]

1. c4 e5 2. Nf3 Nc6 3. d4 exd4 4. Nxd4 Nf6 5. Nc3 Bc5 6. Nxc6 bxc6 7. g3 Ng4 8.
Ne4 Be7 9. Bg2 f5 10. Nc3 Ne5 11. b3 Bf6 12. Bb2 Rb8 13. Qd2 O-O 14. O-O Qe8
15. Rad1 d6 16. Rfe1 Qh5 17. f4 Ng4 18. h3 Nh6 19. e3 Bd7 20. c5 d5 21. Ne2
Bxb2 22. Qxb2 Rfe8 23. Kf2 Qf7 24. Rd4 Qe7 25. Qc3 Rb5 26. Rc1 Bc8 27. Ra4 a5
28. Nd4 Rxc5 29. Nxc6 Rxc6 30. Qxc6 Qxe3+ 31. Kf1 Ba6+ 32. Rac4 Qxc1+ 0-1

[Event "19. Obert Int. Sant Marti 2017"]
[Site "Barcelona ESP"]
[Date "2017.07.13"]
[Round "1.39"]
[White "Kathmale, Sameer"]
[Black "Chakravarthy, Y V K."]
[Result "1/2-1/2"]
[WhiteElo "2294"]
[BlackElo "2006"]
[PlyCount "35"]
[EventDate "2017.07.13"]
[EventType "swiss"]
[EventRounds "9"]
[EventCountry "ESP"]
[SourceTitle "Ajedrez en Madrid"]
[Source "lmi"]
[SourceDate "2017.07.13"]
[SourceVersion "1"]
[SourceVersionDate "2019.06.21"]
[SourceQuality "1"]

1. e4 e5 2. Nc3 Nf6 3. g3 d5 4. exd5 Nxd5 5. Bg2 Nxc3 6. bxc3 Bc5 7. Nf3 Nc6 8.
O-O O-O 9. d3 Bg4 10. Qe1 Re8 11. h3 Bh5 12. a4 Qd7 13. a5 Bxf3 14. Bxf3 Qxh3
15. Be3 Nd4 16. Bg2 Qh5 17. Bxd4 exd4 18. Qb1 1/2-1/2

[Event "19. Obert Int. Sant Marti 2017"]
[Site "Barcelona ESP"]
[Date "2017.07.13"]
[Round "1.40"]
[White "Molano Lafuente, Ismael"]
[Black "Kulkarni, Rakesh"]
[Result "1/2-1/2"]
[WhiteElo "2004"]
[BlackElo "2288"]
[PlyCount "54"]
[EventDate "2017.07.13"]
[EventType "swiss"]
[EventRounds "9"]
[EventCountry "ESP"]
[SourceTitle "Ajedrez en Madrid"]
[Source "lmi"]
[SourceDate "2017.07.13"]
[SourceVersion "1"]
[SourceVersionDate "2019.06.21"]
[SourceQuality "1"]

1. e4 c5 2. b3 e6 3. Bb2 Nf6 4. e5 Nd5 5. Nf3 Be7 6. g3 O-O 7. Bg2 Nc6 8. Qe2
d6 9. Na3 dxe5 10. Nxe5 Nd4 11. Qd1 Bf6 12. Nd3 b6 13. O-O Ba6 14. c4 Rc8 15.
Nc2 Ne7 16. Ne3 b5 17. Rc1 bxc4 18. bxc4 g6 19. Re1 Bg7 20. Qa4 Qd6 21. Ba3
Ne2+ 22. Rxe2 Qxd3 23. Ree1 Qd6 24. Red1 f5 25. d4 f4 26. dxc5 Qe5 27. Ng4 Qe2
1/2-1/2

[Event "19. Obert Int. Sant Marti 2017"]
[Site "Barcelona ESP"]
[Date "2017.07.13"]
[Round "1.41"]
[White "Miranda Llanes, Yerisbel"]
[Black "Sama Salinas, Alejandro"]
[Result "1/2-1/2"]
[WhiteElo "2285"]
[BlackElo "2000"]
[PlyCount "85"]
[EventDate "2017.07.13"]
[EventType "swiss"]
[EventRounds "9"]
[EventCountry "ESP"]
[SourceTitle "Ajedrez en Madrid"]
[Source "lmi"]
[SourceDate "2017.07.13"]
[SourceVersion "1"]
[SourceVersionDate "2019.06.21"]
[SourceQuality "1"]

1. d4 Nf6 2. c4 g6 3. Nc3 Bg7 4. e4 d6 5. Nf3 O-O 6. Be2 e5 7. O-O Nc6 8. d5
Ne7 9. b4 Nd7 10. a4 f5 11. Nd2 Nf6 12. Ba3 f4 13. c5 g5 14. h3 Rf7 15. Nc4 Ng6
16. Re1 Bf8 17. Rc1 Rg7 18. Bg4 Nxg4 19. hxg4 h5 20. gxh5 Nh4 21. g4 fxg3 22.
fxg3 g4 23. Rf1 Nf3+ 24. Kg2 Qg5 25. Rh1 Rh7 26. Rb1 Bd7 27. Bc1 Qf6 28. Be3
Bh6 29. Bxh6 Qxh6 30. Qe2 Rf8 31. Rbf1 Rf6 32. Qe3 Qf8 33. Nd2 Rhf7 34. Nxf3
Rxf3 35. Rxf3 Rxf3 36. Qd2 Rxg3+ 37. Kxg3 Qf3+ 38. Kh2 Qh3+ 39. Kg1 Qg3+ 40.
Kf1 Qf3+ 41. Kg1 Qg3+ 42. Qg2 Qe1+ 43. Kh2 1/2-1/2

[Event "19. Obert Int. Sant Marti 2017"]
[Site "Barcelona ESP"]
[Date "2017.07.13"]
[Round "1.42"]
[White "Rojas Fernandez, Andres"]
[Black "Ryan, Joseph"]
[Result "1-0"]
[WhiteElo "1997"]
[BlackElo "2284"]
[PlyCount "71"]
[EventDate "2017.07.13"]
[EventType "swiss"]
[EventRounds "9"]
[EventCountry "ESP"]
[SourceTitle "Ajedrez en Madrid"]
[Source "lmi"]
[SourceDate "2017.07.13"]
[SourceVersion "1"]
[SourceVersionDate "2019.06.21"]
[SourceQuality "1"]

1. e4 e6 2. d4 d5 3. Nd2 Nf6 4. e5 Nfd7 5. f4 c5 6. c3 Nc6 7. Ndf3 cxd4 8. cxd4
f5 9. Bd3 Be7 10. Ne2 Nb6 11. O-O Bd7 12. Bd2 a5 13. h3 O-O 14. a3 a4 15. Kh1
Be8 16. Rc1 Kh8 17. g4 Bg6 18. gxf5 exf5 19. Bb5 Be8 20. Rg1 Nxe5 21. dxe5 Bxb5
22. Ned4 Bd7 23. Ng5 Bxg5 24. Rxg5 h6 25. Rg3 Qh4 26. Qf3 Nc4 27. Bb4 Rfe8 28.
Rcg1 g5 29. e6 Rxe6 30. Nxe6 Bxe6 31. fxg5 f4 32. Bc3+ Kg8 33. Rg4 Bxg4 34.
Rxg4 Qh5 35. Qxd5+ Qf7 36. gxh6+ 1-0